Flagi zawierające flagę Polski - Statystyki

Ogólne statystyki
  • Ten quiz został rozwiązany 308 razy
    62 od ostatniego zresetowania
  • Średni wynik to 15 z 43
Statystyki odpowiedzi
Państwo Dlaczego jest w quizie? % Poprawnych
Stany Zjednoczone Pasy naprzemienne
78%
Wielka Brytania Czerwony krzyż z białą obwódką
69%
Norwegia Czerwone tło, biała obwódka krzyża
67%
Dania Krzyż i tło
63%
Austria Środkowy i dolny pas
61%
Czechy Prawa strona flagi
61%
Polska No cóż :D
57%
Słowacja Krzyż w herbie
53%
Tajlandia Dolny pas czerwony, wyżej cienki biały
51%
Australia Flaga brytyjska
49%
Islandia Czerwony krzyż z białą obwódką
49%
Nowa Zelandia Flaga brytyjska
45%
Szwajcaria Biały krzyż z czerwonym tłem
41%
Chorwacja Szachownica
39%
Chile Prawa strona flagi
37%
Fidżi Flaga brytyjska
37%
Malezja Pasy naprzemienne
37%
Tuvalu Flaga brytyjska
37%
Gruzja Czerwone krzyże i białe tło
35%
Łotwa Środkowy i dolny pas
35%
Kostaryka Czerwony pas z białą obwódką
33%
Liberia Pasy naprzemienne
31%
Malta Krzyż ma czerwoną obwódkę
31%
Białoruś Ornament wielokrotnie układa się we flagę Polski
29%
Panama Gwiazda czerwona na białym tle
29%
Iran Środkowy pas biały, dolny czerwony
27%
Tonga Biały kanton, czerwone tło
27%
Liban Środkowy i dolny pas
24%
Oman Środkowy i górny pas
24%
Meksyk Mini flaga Meksyku na dole godła, białe tło
22%
Dominikana Biały krzyż i czerwony kawałek flagi pod ramieniem
20%
Kuwejt Środkowy i dolny pas tworzą flagę Polski
20%
Gwinea Równikowa Czerwony dolny i biały środkowy pas
18%
Korea Północna Czerwona gwiazda w białym kole na czerwonym pasie z białą obwódką
18%
Sudan Południowy Środkowy czerwony pas z białą obwódką
18%
Syria Czerwone gwiazdy na białym pasie
18%
Kenia Środkowy czerwony pas oddzielony od górnego białym paskiem
14%
Komory Dwa środkowe pasy tworzą flagę Polski
12%
Republika Zielonego Przylądka Czerwony pasek z białą obwódką
10%
Surinam Środkowy czerwony pas z białą obwódką
10%
Uzbekistan Biały pas z czerwoną obwódką
8%
Zimbabwe Biały trójkąt z czerwoną gwiazdą
8%
Dżibuti Gwiazda i trójkąt
6%
Nie znaleziono quizów pasujących do podanych kryteriów
Rozkład punktacji
Procent ludzi z każdym wynikiem
Percentyl według liczby udzielonych odpowiedzi
Twoja historia wyników
Nie rozwiązałeś tego quizu od ostatniego zresetowania